Statistics for Geography by letter - T

Click here to take the quiz!

General Stats

  • This quiz has been taken 60 times
  • The average score is 14 of 20

Answer Stats

HintAnswer% Correct
Capital of JapanTokyo
100%
Largest city in CanadaToronto
98%
Major attraction in AgraTaj Mahal
93%
Formerly called SiamThailand
93%
One of the main rivers in MesopotamiaTigris
91%
Capital city of LibyaTripoli
89%
The Anatolian Peninsula makes up most of this countryTurkey
87%
Deep lake in the AndesLake Titicaca
83%
Famous mountain near Cape TownTable Mountain
81%
Rome's riverTiber
81%
Country to the East of the aboveTanzania
78%
Mexican city 15 miles away from San DiegoTijuana
78%
Country in the Lesser AntillesTrinidad and Tobago
76%
Siberian and Scandinavian ForestTaiga
61%
Largest City in Northern GreeceThessaloniki
61%
One of China's busiest port CitiesTianjin
50%
Chinese Province that sits over 4900mTibet
50%
Area in North-East Italy and AustriaTyrol
46%
Sea to the West of ItalyTyrrhenian Sea
22%
Large lake in Eastern AfricaLake Taganyika
2%

Score Distribution

Percentile by Number Answered

Percent of People with Each Score

Your Score History

You have not taken this quiz